[Event "2nd 4NCL Easter (Open) 2022"]
[Site "Daventry"]
[Date "2022.04.15"]
[Round "Round 1"]
[White "Gormally, D."]
[Black "Handley, M."]
[Result "1-0"]
[WhiteElo "2471"]
[BlackElo "1982"]
[Annotator "danie"]
[PlyCount "47"]
[SourceVersionDate "2022.04.15"]

{4NCL Easter open report by Daniel Gormally  I was very happy with my
preparation for the 4NCL open which took place in Daventry, in
Northamptonshire over the Easter weekend and it nearly paid off in spectacular
style, as I won my first six games before stumbling at the end.  In order to
do well you need to start well and what you do directly beforehand seems
pivotal. To be completely relaxed and not rushing to get there, I decided to
travel down the day before and that turned out to be a wise decision.   There
are not many places to eat near the hotel so I decided to go into town, which
was about a half hour walk away. The Italian restaurant served decent enough
fare but was terribly slow, probably due to being almost overrun by local
patrons. The old town of Daventry looked nice enough, and so I retired back to
the hotel in good spirits.} 1. d4 Nf6 2. c4 g6 3. Nc3 d5 4. Nf3 Bg7 5. Bf4 {
This is a line where the play is fairly forcing, and in truth the theory has
been well worked out since the days of the Kasparov-Karpov matches.} O-O 6. e3
c5 7. dxc5 Qa5 8. Rc1 dxc4 (8... Ne4 {is an alternative.} 9. cxd5 Nd7 $1 (9...
Nxc3 10. Qd2 Qxa2 11. bxc3 Qa5 $16) 10. Nd4 Nxc3 11. bxc3 Qxa2 {with a rather
messy opening position.}) 9. Bxc4 Qxc5 10. Bb3 Nc6 11. O-O Qa5 12. h3 {[#]} Bd7
$2 {a key mistake, arguably already the decisive one!} (12... Bf5 {is by far
the most popular move.  Black plays ... Bf5 to prevent White playing e4, so is
entirely logical. But I wasn't entirely surprised to see ... Bd7, as my
opponent was spending a lot of time in the opening and in general looked
uncomfortable.  Afterwards he told me that he had quit chess for over twenty
years and had only come back recently, and was struggling to learn the ins and
outs of the Grunfeld.} 13. Qe2 Ne4 14. Nd5 e5 15. Bh2 Be6 16. Rxc6 $5 bxc6 17.
Ne7+ Kh8 18. Bxe6 fxe6 19. Nxc6 {is supposed to lead to equality.}) 13. e4 $1 {
White takes over the center and already has a big advantage. Threats like e5
and Nd5 loom large.} Rad8 14. Nd5 Be8 (14... Be6 {seemed more resilient to me
at the board, even if Black remains in trouble.}) 15. Bc7 Rxd5 16. exd5 Qxc7
17. dxc6 Bxc6 {This is the first time I started thinking. White is up the
exchange for the pawn, but if Black is allowed time to co-ordinate his pieces,
can easily get back into the game. It is important to act quickly.} 18. Ba4 $1
{The reason this move is useful is because it rids Black of the Bishop pair,
which could give him some hope of getting back in the game.} (18. Re1 Rd8 19.
Qe2 Nd5 {is still better for White, but at least Black can claim some kind of
temporary activity.}) ({after} 18. Qe2 {Black had a couple of moves which
worried me.} Nh5 {at least aims for ... Nf4, even if objectively this
shouldn't be enough to save Black.} (18... Qf4 $5 {diving into the position
with the Queen, also contained some irritability factor.})) 18... Qb6 19. Bxc6
bxc6 20. Qa4 {Normally when you are the exchange behind you need the
opponent's Rooks tied down, but sadly for my opponent this wasn't the case
here and White's heavy pieces can run rampant.} (20. Ne5 {also seemed winning,
even if Black wipes out the Queenside.} Qxb2 21. Nxc6 Qxa2 22. Nxe7+ Kh8 23.
Ra1 Qe6 24. Rxa7 {Attracted me during the game. The Knight on e7 is stuck for
the moment but White is so active that surely won't matter.}) 20... Rc8 (20...
c5 21. Ne5 Qxb2 22. Rxc5 {is also fairly bad for Black.}) (20... Qxb2 {won't
save Black either, White has a choice of taking on c6 with the Rook or just
grabbing on a7 with the Queen, in both cases winning easily.}) 21. Ne5 c5 22.
b4 $1 Qe6 (22... Nd5 23. Rxc5 $1 {is a neat touch.}) 23. Rfe1 cxb4 24. Nc6 1-0

[Event "2nd 4NCL Easter (Open) 2022"]
[Site "Daventry"]
[Date "2022.04.16"]
[Round "Round 3"]
[White "Gormally, D."]
[Black "Fallowfield, J."]
[Result "1-0"]
[WhiteElo "2471"]
[BlackElo "2152"]
[Annotator "danie"]
[PlyCount "29"]
[SourceVersionDate "2022.04.15"]

{I was extremely happy after round two because it was rare that I managed to
win a technical game. If nothing else, it showed that I wasn't a one-trick
pony, doomed to only win in preparation. The trend continued with endgame wins
in round four and five.  Before then on the Friday afternoon game I faced
Jeremy Fallowfield.} 1. d4 Nf6 2. c4 g6 3. Nc3 Bg7 4. e4 d6 5. f3 O-O 6. Bg5 {
I had started playing this line in response to preparing for the Black side of
the variation against Andy Ledger at the British championships. Impressed with
the kind of attacking positions White was likely to get, I essayed it a few
times in blitz games online.} c5 {Black's most popular choice.} ({Black has
various ideas here, for example it is also possible to prepare the idea of ...
c5 with} 6... a6 $5) 7. d5 e6 8. Qd2 exd5 ({Facing Mark Hebden in the last
round and only needing a draw to win the tournament outright, I went for broke
and 7/7 instead, based on the logic that I might never be in with a chance to
record such an impressive score ever again.  He played} 8... Qa5 {here, still
following his game against Ledger at the British.} 9. Bf4 $5 {a slight
surprise and something I had prepared before the game.} exd5 10. cxd5 Ne8 {
in the short time before round seven, I had anticipated this move but sadly
for me, my preparation didn't go deeply enough. Having had only about three
hours sleep before the final day, it was most likely I was just tired.} 11. h4
$1 f5 12. exf5 $2 {I was out of preparation and responded badly to his last
move, even though it was a fairly obvious one and typical of Mark's style,
which is to look for "action" at any given opportunity.} ({White should keep
going!} 12. h5 $1 fxe4 13. hxg6 Rxf4 $2 {this was the move I had feared, but I
didn't go deeply enough.} (13... hxg6 14. Bh6 {is also good for White.}) 14.
Qxf4 Bxc3+ 15. bxc3 Qxc3+ 16. Kf2 {and I had failed to realize that he
couldn't snap the Rook off on a1, due to the obvious mate threats that White
has.}) ({at the train station in Long Buckby waiting for the train home, Keith
said he would have just gone for} 12. Bh6 {just to take the sting out of
Black's position. Given the tournament situation, that would have not been a
bad idea at all.}) 12... Bxf5 13. g3 $2 {far too slow and a sign that I was
overly nervous.} Nd7 {Black is already very comfortable, and Mark went on to
win. A tragedy for the gorm!}) 9. cxd5 Na6 {As Jeremy told me after the game,
due to not having played much since the pandemic, he was a bit rusty and more
or less on his own here as far as the theory was concerned, so decided to just
"get a move out".} (9... a6 10. a4 Nbd7 11. Nh3 $1 {is rather comfortable for
White, who waits for the Knight to go to d7 before committing the Knight to h3.
The following plan is then obvious; Nf2, Be2, and 0-0, when White has a
promising attacking set-up.}) 10. Bxa6 $5 {not the most critical move, but in
the circumstances a practical one. In tournaments with a heavy workload of two
games a day, you want to keep things as simple as possible.} (10. Nge2 Nc7 11.
Ng3 a6 12. a4 Rb8 13. Be2 b5 14. axb5 axb5 15. O-O $14 {is another possible
continuation.}) 10... bxa6 11. Nge2 Rb8 12. O-O Re8 ({Jeremy was a bit down
about his position in the post-mortem and seemed to think that White is
clearly better.  More objectively speaking, Black has the two Bishops and a
b-file to operate down.} 12... a5 $1 {with the idea of activating the Bishop
from a6, at first glance looks perfectly fine for Black, although when you
start moving the pieces around and execute White's main plan, the engine
starts to change its mind a bit.} 13. b3 Ba6 14. Rfe1 Rb4 15. Ng3 Qb6 16. Bh6
Bxh6 17. Qxh6 c4+ 18. Kh1 {is a position that contains some danger for Black.
Already there is a threat of Nf5.}) 13. Rab1 Bd7 $2 {this is rather slow.
Already I sensed that Jeremy had given up on his position.} (13... a5 $1 {
with the same plan of activating the Bishop via a6, which is a better square
than b5, where it just blocks the b-file.}) 14. Ng3 {now ... Bb5 will just be
met by Rfe1, when the Bishop will look rather pointless, and White is ready to
start attacking with f4, e5 etc.} Qb6 $2 {one mistake follows another. This is
just a tactical oversight.} (14... Rb4 {was what I was expecting in the game,
retaining some irritability factor with ... Rd4.} 15. Qf4 Bb5 16. Rf2 $16 {
Black is struggling to break the pin (...h6 just drops a pawn) but it is also
not exactly clear how White strengthens his position.}) 15. Qf4 $1 {After
thinking for a while Jeremy graciously resigned, rather than prolong the agony
out even further.} ({the variations are hopeless for Black.} 15. Qf4 Nh5 (15...
Qd8 16. Qxd6 Qb6 17. Qf4 {is just a free extra pawn}) (15... h6 16. Bxf6 ({
it is probable that I would have gone for} 16. Bxh6 $18 {as that looked even
easier to play.}) 16... g5 17. Bxg5 hxg5 18. Qxg5 Qd8 19. Qd2 Qh4 20. Nce2) 16.
Nxh5 gxh5 17. Bf6 $18 {I used this strong start to propel me forward.  
Getting to 6/6 was exciting- before the tournament I had drawn my last four
games, so wasn't expecting anything special at all. Despite the disappointing
last round, the result of this tournament is likely to give me a lot of
confidence going forward.}) 1-0